Evangelii gaudium. Testo integrale e commento de "La civiltà cattolica".

Uloženo v:
Podrobná bibliografie
Hlavní autor: Francesco (Francisco), Papa (autore)
Další autoři: Spadaro, Antonio (prefazione), Salvini, GianPaolo (contributi), Scannone, Juan Carlos (contributi), Seibold, Jorge R. (contributi), Mucci, Giandomenico (contributi), Cucci, Giovanni (contributi), Fares, Diego (contributi)
Médium: Kniha
Vydáno: Milano, Italia: Ancora, 2014.
Edice:Collana Crocevia
Témata:
Tagy: Přidat tag
Žádné tagy, Buďte první, kdo vytvoří štítek k tomuto záznamu!

MARC

LEADER 00000nam a22000007a 4500
003 CL-VaPUC
005 20250421114403.0
008 230327t2014 ||||| |||| 00| 0 eng d
999 |c 440348  |d 440346 
020 |a 978-88-514-1367-5 
040 |c Pontificia Universidad Católica de Valparaíso 
082 0 4 |2 21  |a 262.91 FRA 2014 
100 1 |a Francesco  |q (Francisco),  |c Papa  |e autore  |9 880972 
245 1 0 |a Evangelii gaudium.  |b Testo integrale e commento de "La civiltà cattolica". 
260 |a Milano, Italia:  |b Ancora,  |c 2014. 
300 |a 256 páginas. 
490 0 |a Collana Crocevia 
500 |a c.1 Donación Padre Cristian Eichin. Memo 1/2023 
583 |c 20230327  |k Catalogador Asistente 
600 0 |a Francisco,  |c Papa  |d 1936-2025  |x Exhortación apostólica  |9 881044 
650 1 |a Evangelización  |x Iglesia Católica  |9 881045 
650 1 |a Alegría  |x Aspectos religiosos  |x Iglesia Católica  |9 881046 
650 1 |a Iglesia y problemas sociales  |x Iglesia Católica  |9 881047 
650 1 |a Pobreza  |x Aspectos religiosos  |x Iglesia Católica  |9 869354 
650 1 |a Documentos pontificios  |9 255642 
700 |a Spadaro, Antonio  |e prefazione  |9 880973 
700 |a Salvini, GianPaolo  |e contributi  |9 881049 
700 |a Scannone, Juan Carlos  |e contributi  |9 881050 
700 |a Seibold, Jorge R.  |e contributi  |9 881051 
700 |a Mucci, Giandomenico  |e contributi  |9 881052 
700 |a Cucci, Giovanni  |e contributi  |9 881053 
700 |a Fares, Diego  |e contributi  |9 881054 
942 |2 ddc  |c BK 
952 |0 0  |1 0  |2 ddc  |4 0  |6 262_910000000000000_FRA_2014  |7 0  |8 A  |9 589301  |a BIBTEO  |b BIBTEO  |d 2023-03-27  |e Donación  |i 5656875  |o 262.91 FRA 2014  |p 5656875  |r 2025-01-17  |t 1  |w 2023-03-27  |y BK  |k ICR